<?xml version="1.0" encoding="UTF-8"?>
<record
    xmlns:xsi="http://www.w3.org/2001/XMLSchema-instance"
    xsi:schemaLocation="http://www.loc.gov/MARC21/slim http://www.loc.gov/standards/marcxml/schema/MARC21slim.xsd"
    xmlns="http://www.loc.gov/MARC21/slim">

  <leader>00939nab a2200253 uc4500</leader>
  <controlfield tag="001">915409</controlfield>
  <controlfield tag="005">20250225161813.0</controlfield>
  <controlfield tag="008">050318e20040605                    por  </controlfield>
  <datafield tag="035" ind1=" " ind2=" ">
    <subfield code="a">915409</subfield>
  </datafield>
  <datafield tag="035" ind1=" " ind2=" ">
    <subfield code="a">(OCoLC)820308120</subfield>
  </datafield>
  <datafield tag="040" ind1=" " ind2=" ">
    <subfield code="c">comduadb</subfield>
  </datafield>
  <datafield tag="041" ind1=" " ind2=" ">
    <subfield code="a">por</subfield>
  </datafield>
  <datafield tag="100" ind1="1" ind2="0">
    <subfield code="a">Izel, Antonio Claudio Uchoa</subfield>
    <subfield code="4">aut</subfield>
    <subfield code="e">aut</subfield>
    <subfield code="9">544053</subfield>
  </datafield>
  <datafield tag="245" ind1="1" ind2="0">
    <subfield code="a">Avaliacao de niveis proteicos para a nutricao de juvenis de matrinxa (Brycon cephalus)</subfield>
  </datafield>
  <datafield tag="650" ind1=" " ind2="7">
    <subfield code="a">Nutrici&#xF3;n animal</subfield>
    <subfield code="2">lemb</subfield>
    <subfield code="9">61618</subfield>
  </datafield>
  <datafield tag="650" ind1=" " ind2=" ">
    <subfield code="a">Alimentaci&#xF3;n de peces</subfield>
    <subfield code="9">68129</subfield>
  </datafield>
  <datafield tag="650" ind1=" " ind2=" ">
    <subfield code="a">Brycon cephalus</subfield>
    <subfield code="9">87887</subfield>
  </datafield>
  <datafield tag="650" ind1=" " ind2=" ">
    <subfield code="a">Necesidades nutricionales</subfield>
    <subfield code="9">64920</subfield>
  </datafield>
  <datafield tag="650" ind1=" " ind2=" ">
    <subfield code="a">Peces - Investigaciones</subfield>
    <subfield code="9">7006</subfield>
  </datafield>
  <datafield tag="700" ind1="1" ind2="0">
    <subfield code="a">Pereira Filho, Manoel</subfield>
    <subfield code="4">aut</subfield>
    <subfield code="e">aut</subfield>
    <subfield code="9">309209</subfield>
  </datafield>
  <datafield tag="700" ind1="1" ind2="0">
    <subfield code="a">Melo, Luiz Antelmo da Silva</subfield>
    <subfield code="4">aut</subfield>
    <subfield code="e">aut</subfield>
    <subfield code="9">404247</subfield>
  </datafield>
  <datafield tag="773" ind1="0" ind2=" ">
    <subfield code="t">Acta Amazonica (Manaus)</subfield>
    <subfield code="g">Volumen 34, N&#xFA;mero 02, Abril-Junio 2004, p. 179-184</subfield>
    <subfield code="w">(CO-MdUADB)198142</subfield>
    <subfield code="x">0044-5967</subfield>
    <subfield code="0">88128</subfield>
    <subfield code="9">660320</subfield>
    <subfield code="o">0555708</subfield>
  </datafield>
  <datafield tag="942" ind1=" " ind2=" ">
    <subfield code="c">ARIMP</subfield>
  </datafield>
  <datafield tag="999" ind1=" " ind2=" ">
    <subfield code="c">341801</subfield>
    <subfield code="d">341801</subfield>
  </datafield>
</record>
